Clic Records en tous genre (4) - Statistiques

Statistiques générales
  • Ce quiz a été pris 141 fois
  • Le résultat moyen est 23 sur 30
Statistiques - réponses
Hint Explanation Réponse % Correct
Quel âge avait la plus jeune mère du monde lors de son accouchement ? (dates confirmées) En 1939 au Pérou 5 ans 7 mois et 17 jours
100%
Quel est le fusil le plus répandu au monde ? Env. 90 M AK-47
96%
A combien a été mesurée la plus longue barbe du monde Hans Langseth 5,33 m
95%
Quel est le continent le plus vaste du monde ? 29.4 % des terres émergées Asie
95%
Quelle est la plus petite race de chien du monde? Entre 16 et 22 cm de hauteur Chihuahua
95%
Combien de temps a duré la guerre la plus courte du monde ? Entre Zanzibar et l'Angleterre 40 minutes
93%
Quel est le plus petit oiseau du monde ? 5 à 6 cm Colibri
90%
En France, dans quel département se trouve la commune au nom le plus court ? Y Somme
89%
Quelle est la plus haute basilique du monde ? 158 m Basilique Notre-Dame de la Paix de Yamoussoukro
87%
Quelle est la ville la plus peuplée du monde ? 34.47 M Tokyo
86%
Qui est l'homme le plus rapide du monde sur 200 m ? Né en 1986 Usain Bolt
86%
Quel est le mammifère le plus rapide du monde ? 120 km/h Guépard
85%
Quel est l'oiseau terrestre le plus rapide du monde ? Jusqu'à 70 km/h Autruche
78%
Quelle est la femme la plus riche du monde ? Française née en 1953 Françoise Bettencourt
77%
Qui est l'homme le plus suivi du monde sur X ? 129 M Barack Obama
76%
Quelle est la plus ancienne grotte ornée du monde ? - 31000 ans Grotte Chauvet
76%
Quel est le volcan le plus haute d'Europe ? 3330 m Etna
73%
Dans quel pays se trouve le plus grand stade du monde (capacité) ? 150000 Corée-du-Nord
70%
Quelle est la nationalité de la plus ancienne entreprise du monde ? Auberge ouverte en 717 Japonaise
69%
Quelle est la plus vieille capitale du monde toujours habitée ? En Syrie Damas
68%
Qui est la personne ayant vécu le plus longtemps dans le monde ? 1875-1997 Jeanne Calment
68%
Quel est le plus grand casino du monde ? 850 tables / 4100 machines à sous à Las Vegas The Venetian
65%
Quel est le tennisman le plus titré au monde ? 149 titres Jimmy Connors
62%
Quel est le film le plus cher de l'histoire du cinéma ? 700M de $ en 1967 Guerre et Paix
60%
Quel acteur a tourné le plus de films ? (rôles crédités) 153 John Wayne
60%
Dans quel pays se trouve le nom de lieu le plus long en Europe ? Au Pays-de-Galles : Llanfairpwllgwyngyllgogerychwyrndrobwllllantysiliogogogoch Royaume-Uni
60%
Quel est le nom de la plus grande place du monde ? Pékin 880x500m Tiananmen
55%
Quel est le train le plus rapide du monde ? 603 km / A sustentation magnétique SCMaglev
51%
Quelle acteur a reçu le plus grand nombre de Césars ? 3 Michel Serrault
50%
Quel est le champion de ski nautique le plus titré au monde 46 titres / Né en 1964 Patrice Martin
42%
Aucun quiz correspondant
Distribution des résultats
% des personnes avec chaque résultat
Percentile par nombre de réponses
Votre historique - résultats
Vous n’avez pas pris ce quiz